[Event "Biel HTO 56th"]
[Site "Biel"]
[Date "2023.07.20"]
[Round "4"]
[White "Kocharin, Timur"]
[Black "Schnell, Simon"]
[Result "1-0"]
[WhiteElo "2225"]
[BlackElo "2029"]
[PlyCount "145"]
[EventDate "2023.07.17"]
[EventType "swiss"]
[EventRounds "10"]
[EventCountry "SUI"]
[SourceTitle "CBM 215 Extra"]
[Source "ChessBase"]
[SourceDate "2023.09.30"]
[SourceVersion "1"]
[SourceVersionDate "2023.09.30"]
[SourceQuality "1"]

1. c4 Nf6 2. Nc3 e5 3. g3 d5 4. cxd5 Nxd5 5. Bg2 Nxc3 6. bxc3 Nc6 7. Bb2 Bc5 8. d3 0-0 9. Nf3 Rb8 10. 0-0 Qf6 11. Nd2 Qg6 12. Nb3 Bd6 13. c4 Re8 14. Qd2 Qh5 15. e3 Bh3 16. Qd1 Bg4 17. f3 Bh3 18. Qe2 Bxg2 19. Kxg2 Rbd8 20. Rad1 Bf8 21. a3 Re6 22. Rd2 Rde8 23. Qf2 Rh6 24. Kg1 Rhe6 25. Rfd1 Rf6 26. Rf1 Rfe6 27. Kh1 b6 28. Qe2 Nb8 29. Re1 c5 30. f4 Qxe2 31. Rdxe2 exf4 32. gxf4 f5 33. Kg2 Nc6 34. Kf3 g6 35. h3 Nd8 36. d4 Nb7 37. d5 R6e7 38. Nd2 Nd6 39. e4 fxe4+ 40. Nxe4 Nxe4 41. Rxe4 Kf7 42. Rxe7+ Bxe7 43. Re6 Rb8 44. Be5 Rb7 45. Rc6 Bd8 46. Ke4 b5 47. Rxc5 bxc4 48. Rxc4 Rb1 49. Rc8 Re1+ 50. Kd3 Ke7 51. Rb8 Bb6 52. Rb7+ Ke8 53. d6 Rd1+ 54. Kc4 h5 55. Rg7 a6 56. Rb7 Bf2 57. Re7+ Kd8 58. Rg7 Ke8 59. Rxg6 Kd7 60. Rg7+ Ke6 61. Re7+ Kf5 62. d7 Bh4 63. Rh7 Ke4 64. Rxh5 Be7 65. Rh7 Bd8 66. Kc5 Kf5 67. Kc6 Rc1+ 68. Kb7 Ke6 69. Kxa6 Rb1 70. Bc3 Rb8 71. Bb4 Kd5 72. Ka7 Rb5 73. Rh5+ 1-0

[Event "Pfaeffikon Acrevis op 2nd"]
[Site "Pfaeffikon"]
[Date "2022.07.29"]
[Round "3"]
[White "Pahud, Cedric"]
[Black "Schnell, Simon"]
[Result "1-0"]
[WhiteElo "2201"]
[BlackElo "1847"]
[PlyCount "51"]
[EventDate "2022.07.28"]
[EventType "swiss"]
[EventRounds "6"]
[EventCountry "SUI"]
[SourceTitle "EXT 2023"]
[Source "ChessBase"]
[SourceDate "2022.10.05"]
[SourceVersion "1"]
[SourceVersionDate "2022.10.05"]
[SourceQuality "1"]

1. e4 c6 2. d4 d5 3. e5 Bf5 4. Nf3 e6 5. Be2 Ne7 6. 0-0 Ng6 7. Be3 Nd7 8. b3 f6 9. exf6 Qxf6 10. Bg5 Qf7 11. c4 Bd6 12. Bd3 0-0 13. Qc2 Nf4 14. Bxf5 exf5 15. Bxf4 Bxf4 16. Nbd2 Rae8 17. Rae1 g6 18. cxd5 Qxd5 19. Nc4 g5 20. Rxe8 Rxe8 21. Rd1 Qe6 22. g3 Qe4 23. Qc3 Rf8 24. Re1 Qd5 25. gxf4 gxf4 26. Nfe5 1-0

[Event "Lugano Paradiso op"]
[Site "Lugano"]
[Date "2020.10.03"]
[Round "2"]
[White "Boschetti, Claudio"]
[Black "Schnell, Simon"]
[Result "1-0"]
[WhiteElo "2049"]
[BlackElo "1679"]
[PlyCount "61"]
[EventDate "2020.10.02"]
[EventType "swiss"]
[EventRounds "5"]
[EventCountry "SUI"]
[SourceTitle "CBM 198 Extra"]
[Source "ChessBase"]
[SourceDate "2020.11.30"]
[SourceVersion "1"]
[SourceVersionDate "2020.11.30"]
[SourceQuality "1"]

1. e4 c6 2. Nf3 d5 3. Nc3 dxe4 4. Nxe4 Nf6 5. Qe2 Nxe4 6. Qxe4 Qd5 7. Qf4 Qf5 8. d3 Qxf4 9. Bxf4 Bf5 10. 0-0-0 Nd7 11. d4 e6 12. Nh4 Bg4 13. f3 Bh5 14. g4 Be7 15. Bg3 Bg6 16. Nxg6 hxg6 17. h4 0-0-0 18. Bg2 Nf6 19. c4 Bd6 20. Bf2 Bf4+ 21. Kc2 Rd7 22. b4 b5 23. g5 Nh5 24. cxb5 cxb5 25. Bf1 a6 26. Rg1 Bd6 27. Kb3 Nf4 28. a4 bxa4+ 29. Kxa4 Ra7 30. d5 Nxd5 31. Rxd5 1-0